NHL meilleur buteur par équipe (histoire) - Statistiques

Statistiques générales
  • Ce quiz a été pris 64 fois
  • Le résultat moyen est 12 sur 32
Statistiques - réponses
Équipes Joueurs % Correct
Pingouins Lemieux
83%
Capitals Ovechkin
83%
Canadiens Richard
81%
Oilers Gretzky
79%
Ducks Selanne
54%
Lightning Stamkos
52%
Avalanche Sakic
50%
Islanders Bossy
48%
Blackhawks Hull
44%
Blues Hull
44%
Canucks Sedin
44%
Red Wings Howe
42%
Stars Modano
42%
Sénateurs Alfredsson
38%
Prédateurs Forsberg
38%
Mammouth Keller
38%
Sharks Marleau
38%
Golden Knights Marchessault
35%
Panthers Barkov
33%
Maple leafs Matthews
33%
Blue Jackets Nash
29%
Flames Iginla
27%
Kings Robitaille
27%
Jets Scheifele
27%
Kraken Eberle
19%
Hurricanes Francis
19%
Sabres Perreault
19%
Devils Elias
17%
Wild Gaborik
10%
Flyers Barber
4%
Bruins Bucyk
0%
Rangers Gilbert
0%
Aucun quiz correspondant
Distribution des résultats
% des personnes avec chaque résultat
Percentile par nombre de réponses
Votre historique - résultats
Vous n’avez pas pris ce quiz